[Event "SC Leipzig-Gohlis-SG Porz"]
[Site "Osnabrück"]
[Date "2010.12.28"]
[Round "4.5"]
[White "Sistig, Max"]
[Black "Heistermann, Till"]
[Result "1-0"]
[WhiteElo "1932"]
[BlackElo "1909"]
[PlyCount "101"]
[EventDate "2010.??.??"]
[WhiteTeam "SG Porz"]
[BlackTeam "SC Leipzig-Gohlis"]

1. d4 Nf6 2. c4 c5 3. d5 b5 4. cxb5 a6 5. bxa6 Bxa6 6. Nc3 g6 7. g3 d6 8. Bg2
Bg7 9. Nf3 O-O 10. O-O Nbd7 11. Re1 Ng4 12. Rb1 Qc7 13. a4 Rfb8 14. Qc2 Qa7 15.
h3 Nge5 16. Nd2 Nb6 17. b3 Rb7 18. Nde4 Rc8 19. Be3 Qb8 20. Kh2 Na8 21. Bd2 c4
22. b4 Rxb4 23. Rxb4 Qxb4 24. Rb1 Qa5 25. Nb5 Qd8 26. f4 Nd7 27. Na7 c3 28.
Nxc8 Qxc8 29. Rc1 Bxe2 30. Bxc3 Ba6 31. Qb2 Bxc3 32. Rxc3 Qb7 33. Qxb7 Bxb7 34.
Rd3 Nab6 35. Nc3 Kf8 36. Rd4 Ke8 37. Rb4 Ba8 38. a5 Nc8 39. Nb5 Kd8 40. Nd4 Nc5
41. f5 Na6 42. Rb2 Nc7 43. fxg6 hxg6 44. Nc6+ Kd7 45. Nb8+ Kd8 46. Nc6+ Kd7 47.
Nb4 Na7 48. Rf2 f5 49. g4 fxg4 50. hxg4 Nab5 51. Kg3 1-0

[Event "FSV Großenseebach-SF Neuberg"]
[Site "Osnabrück"]
[Date "2010.12.28"]
[Round "4.1"]
[White "Knickel, Aaron"]
[Black "Schneider, David"]
[Result "1-0"]
[WhiteElo "2141"]
[BlackElo "2206"]
[PlyCount "79"]
[EventDate "2010.??.??"]
[WhiteTeam "SF Neuberg"]
[BlackTeam "FSV Großenseebach"]

1. g3 d5 2. Bg2 Nf6 3. d3 c6 4. Nd2 e5 5. e4 Bg4 6. Ngf3 Nbd7 7. h3 Bh5 8. O-O
Bd6 9. Re1 O-O 10. b3 Bb4 11. Bb2 Bxf3 12. Bxf3 Qa5 13. Re2 Bc3 14. Bxc3 Qxc3
15. Bg4 Nc5 16. exd5 cxd5 17. Nf1 e4 18. dxe4 dxe4 19. Qe1 Qxe1 20. Rexe1 Rad8
21. Ne3 Rd2 22. Rad1 Rfd8 23. Rxd2 Rxd2 24. Rd1 Rxd1+ 25. Bxd1 Ne6 26. Kf1 Kf8
27. c3 g6 28. Bc2 Ke7 29. Ke2 Nc7 30. Nd1 Ke6 31. Ke3 Ke5 32. c4 Nce8 33. Nc3
Nd6 34. Bxe4 Ndxe4 35. Nxe4 Nxe4 36. f4+ Kd6 37. Kxe4 Kc5 38. a3 a5 39. Kd3 f5
40. Kc3 1-0

[Event "FSV Großenseebach-SF Neuberg"]
[Site "Osnabrück"]
[Date "2010.12.28"]
[Round "4.2"]
[White "Linsenmeyer, Mario"]
[Black "Seifert, Christopher"]
[Result "1-0"]
[WhiteElo "2151"]
[BlackElo "2173"]
[PlyCount "67"]
[EventDate "2010.??.??"]
[WhiteTeam "FSV Großenseebach"]
[BlackTeam "SF Neuberg"]

1. e4 c5 2. Nf3 e6 3. Nc3 Nc6 4. g3 d6 5. Bg2 Nge7 6. O-O Nd4 7. Nxd4 cxd4 8.
Ne2 Qb6 9. c3 dxc3 10. bxc3 Nc6 11. d4 Be7 12. f4 Bd7 13. f5 O-O-O 14. Kh1 Na5
15. Nf4 g5 16. Nh5 exf5 17. exf5 f6 18. Re1 Nc6 19. Qd3 Rde8 20. Ng7 Reg8 21.
Ne6 Bd8 22. Ba3 Bc7 23. Rab1 Qa5 24. c4 h5 25. Re2 g4 26. Rb5 Qa4 27. Nxc7 Kxc7
28. Bxd6+ Kc8 29. d5 Ne5 30. Rc5+ Kd8 31. Bc7+ Ke7 32. Bxe5 fxe5 33. Rxe5+ Kd6
34. Qd4 1-0

[Event "FSV Großenseebach-SF Neuberg"]
[Site "Osnabrück"]
[Date "2010.12.28"]
[Round "4.3"]
[White "Hummel, Dennis"]
[Black "Quaschner, Tobias"]
[Result "1/2-1/2"]
[WhiteElo "1903"]
[BlackElo "2047"]
[PlyCount "61"]
[EventDate "2010.??.??"]
[WhiteTeam "SF Neuberg"]
[BlackTeam "FSV Großenseebach"]

1. e4 c5 2. Nc3 d6 3. g3 g6 4. Bg2 Bg7 5. d3 e6 6. Be3 Nc6 7. Nge2 Nd4 8. O-O
Ne7 9. Qd2 O-O 10. Nd1 Nxe2+ 11. Qxe2 b6 12. Qd2 Bb7 13. Bh6 e5 14. Bxg7 Kxg7
15. f4 f6 16. Ne3 Qd7 17. h4 exf4 18. Rxf4 d5 19. Re1 dxe4 20. Bxe4 Bxe4 21.
Rxe4 Nc6 22. Ng4 Rf7 23. Qh6+ Kg8 24. Re6 Raf8 25. c3 Ne5 26. Nxf6+ Rxf6 27.
Rxf6 Nf3+ 28. Rxf3 Rxf3 29. Re3 Rf8 30. Re1 Qxd3 31. Qg5 1/2-1/2

[Event "FSV Großenseebach-SF Neuberg"]
[Site "Osnabrück"]
[Date "2010.12.28"]
[Round "4.4"]
[White "Kirch, Florian"]
[Black "Iwanziw, Niklas"]
[Result "0-1"]
[WhiteElo "2020"]
[BlackElo "1871"]
[PlyCount "80"]
[EventDate "2010.??.??"]
[WhiteTeam "FSV Großenseebach"]
[BlackTeam "SF Neuberg"]

1. d4 d5 2. c4 c6 3. cxd5 cxd5 4. Nc3 Nf6 5. Bf4 a6 6. e3 Nc6 7. Bd3 Bg4 8.
Nge2 e6 9. O-O Be7 10. Kh1 O-O 11. Rc1 Rc8 12. Bb1 Qa5 13. f3 Bh5 14. Qd3 Rfd8
15. Bg3 Bg6 16. Qd2 Bxb1 17. Rxb1 Nh5 18. Be1 e5 19. g4 Nf6 20. g5 Ne8 21. f4
exd4 22. exd4 Nd6 23. f5 Nc4 24. Qf4 Qc7 25. Qc1 b5 26. f6 Bf8 27. Bg3 Qb7 28.
b3 Nd6 29. Qf4 b4 30. Nd1 Re8 31. Ne3 Re4 32. Qf3 Rce8 33. Bxd6 Rxe3 34. Qf4
R3e4 35. Qg3 Re3 36. Qf4 R8e4 37. Qf5 g6 38. Qxd5 Bxd6 39. Qxd6 Nxd4 40. Rf3
Nxf3 0-1

[Event "FSV Großenseebach-SF Neuberg"]
[Site "Osnabrück"]
[Date "2010.12.28"]
[Round "4.5"]
[White "Bluhm, Achim"]
[Black "Quaschner, Manuel"]
[Result "1/2-1/2"]
[WhiteElo "1817"]
[BlackElo "1809"]
[PlyCount "77"]
[EventDate "2010.??.??"]
[WhiteTeam "SF Neuberg"]
[BlackTeam "FSV Großenseebach"]

1. b3 e5 2. Bb2 Nc6 3. e3 g6 4. Nf3 Bg7 5. Bb5 Nge7 6. d4 exd4 7. Nxd4 Nxd4 8.
Bxd4 O-O 9. Bxg7 Kxg7 10. O-O c6 11. Be2 d5 12. Nd2 Be6 13. Nf3 Nf5 14. Nd4 Nd6
15. Bf3 Re8 16. c3 Qc7 17. Qc2 Rad8 18. Rfe1 Qc8 19. h3 c5 20. Nxe6+ fxe6 21.
Rad1 Nf7 22. c4 Ng5 23. Bg4 Qc6 24. Qc3+ Kf7 25. Qe5 Ne4 26. Bf3 Nf6 27. h4 h5
28. Rd2 Rd7 29. Red1 Red8 30. g3 b5 31. cxd5 exd5 32. Qf4 Qe6 33. e4 dxe4 34.
Rxd7+ Rxd7 35. Rxd7+ Qxd7 36. Bxe4 Qe7 37. Bf3 Kg7 38. Kg2 b4 39. Qc4 1/2-1/2

[Event "FSV Großenseebach-SF Neuberg"]
[Site "Osnabrück"]
[Date "2010.12.28"]
[Round "4.6"]
[White "Korn, Lukas Alexander"]
[Black "Bluhm, Sonja Maria"]
[Result "0-1"]
[WhiteElo "1523"]
[BlackElo "1816"]
[PlyCount "104"]
[EventDate "2010.??.??"]
[WhiteTeam "FSV Großenseebach"]
[BlackTeam "SF Neuberg"]

1. e4 e5 2. Nf3 Nc6 3. Bc4 Nf6 4. d4 exd4 5. O-O Nxe4 6. Re1 d5 7. Bxd5 Qxd5 8.
Nc3 Qa5 9. Nxe4 Be6 10. Bd2 Qh5 11. Bg5 h6 12. Bf6 Qa5 13. Bxd4 O-O-O 14. c3
Bg4 15. Ned2 Nxd4 16. cxd4 Bb4 17. Nb3 Qf5 18. Re5 Qf6 19. Qd3 Bxf3 20. Qxf3
Qxf3 21. gxf3 Rhe8 22. Re3 Re6 23. a3 Bd6 24. Rxe6 fxe6 25. Re1 Kd7 26. Re3 b6
27. Nd2 Bf4 28. Re2 Bxd2 29. Rxd2 Rf8 30. Kg2 Rf4 31. Kg3 g5 32. d5 e5 33. Re2
Kd6 34. Re4 Rf7 35. Kg4 Kxd5 36. Re3 Rf4+ 37. Kg3 c5 38. Kg2 b5 39. Rd3+ Rd4
40. Re3 a5 41. Kf1 c4 42. b3 Rd3 43. bxc4+ bxc4 44. Ke2 Rd4 45. Kf1 Rh4 46. Kg2
Kd4 47. Re1 c3 48. Rd1+ Kc4 49. Rd8 c2 50. Rc8+ Kb3 51. Rb8+ Kc3 52. Rc8+ Rc4
0-1

[Event "SG Bochum 1931-Koenigsspringer SC 1984"]
[Site "Osnabrück"]
[Date "2010.12.28"]
[Round "4.2"]
[White "Mazarov, Jürgen"]
[Black "Lock, Adrian"]
[Result "1-0"]
[WhiteElo "2117"]
[BlackElo "1976"]
[PlyCount "110"]
[EventDate "2010.??.??"]
[WhiteTeam "SG Bochum 1931"]
[BlackTeam "Koenigsspringer SC 1984"]

1. e4 e6 2. d4 d5 3. Nd2 dxe4 4. Nxe4 Nd7 5. Nf3 Be7 6. Bd3 Ngf6 7. O-O Nxe4 8.
Bxe4 Nf6 9. Bd3 O-O 10. Qe2 b6 11. Rd1 Bb7 12. c4 Qe8 13. Ne5 Rd8 14. Be3 c5
15. Bc2 Be4 16. dxc5 Bxc2 17. Qxc2 Bxc5 18. Rxd8 Qxd8 19. Bxc5 bxc5 20. Rd1 Qc7
21. f4 Rd8 22. Rxd8+ Qxd8 23. Qd3 Qa5 24. Kf1 h6 25. a3 Qb6 26. Qd2 g6 27. b4
Qa6 28. Qc3 Nh5 29. g3 Qb7 30. Qf3 Qc7 31. Qc6 Qd8 32. Qxc5 Qd1+ 33. Kg2 Nf6
34. Qxa7 Qe2+ 35. Qf2 Qd1 36. c5 Ne4 37. Qf3 Qd2+ 38. Kg1 Qc1+ 39. Qf1 Qxa3 40.
Nd3 Nd2 41. Qe2 Nb1 42. Qc2 Nc3 43. Qb2 Qxb2 44. Nxb2 Kf8 45. Kf2 Ke7 46. Nd3
Kd7 47. Ke3 f6 48. Kd4 Nb5+ 49. Kc4 Kc6 50. Nf2 Na3+ 51. Kb3 Nb5 52. Ne4 Nd4+
53. Kc4 Nf3 54. b5+ Kc7 55. Nxf6 Nxh2 1-0

[Event "SG Bochum 1931-Koenigsspringer SC 1984"]
[Site "Osnabrück"]
[Date "2010.12.28"]
[Round "4.4"]
[White "Pilat, Fabian"]
[Black "Langmann, Markus"]
[Result "1/2-1/2"]
[WhiteElo "1919"]
[BlackElo "1896"]
[PlyCount "122"]
[EventDate "2010.??.??"]
[WhiteTeam "SG Bochum 1931"]
[BlackTeam "Koenigsspringer SC 1984"]

1. d4 d5 2. Nf3 Nf6 3. e3 e6 4. Bd3 Be7 5. b3 O-O 6. Nbd2 a5 7. a3 Nbd7 8. O-O
Re8 9. Bb2 Nf8 10. Ne5 N6d7 11. f4 f6 12. Nef3 f5 13. c4 c6 14. Qc2 b6 15. Bc3
Bb7 16. b4 Qc7 17. cxd5 cxd5 18. b5 Rac8 19. Rfc1 Nf6 20. Ne5 Ne4 21. Nxe4 dxe4
22. Be2 Nd7 23. Nxd7 Qxd7 24. Qd2 Rc7 25. Bb2 Rec8 26. Rxc7 Rxc7 27. Rc1 Bd5
28. Rc3 Qc8 29. Rxc7 Qxc7 30. Qc1 Qxc1+ 31. Bxc1 g5 32. g3 Kf7 33. Kf2 Kg6 34.
Kg2 h6 35. Kf1 Bb3 36. Bb2 Bf6 37. Bc1 gxf4 38. gxf4 Bh4 39. Bd2 Kf7 40. Kg2
Ke8 41. Bc3 Be7 42. Bb2 Kd7 43. Kf2 Kd6 44. Ke1 Kd5 45. Bh5 Kc4 46. Be2+ Kd5
47. Bh5 Ba4 48. Be2 Bh4+ 49. Kd2 Bf2 50. Bc1 Bg1 51. h3 Bb3 52. Kc3 Ba2 53. Bd2
Bf2 54. Bf1 Bh4 55. Be2 Be7 56. Bc1 h5 57. Bf1 Bh4 58. Bd2 Bf2 59. Be2 h4 60.
Bf1 Bb1 61. Be2 Ba2 1/2-1/2

[Event "SK Gründau-SG Aufbau Elbe Magdeburg"]
[Site "Osnabrück"]
[Date "2010.12.28"]
[Round "4.1"]
[White "Rafayevych, Vilen"]
[Black "Meier, Lars"]
[Result "0-1"]
[WhiteElo "2021"]
[BlackElo "2074"]
[PlyCount "120"]
[EventDate "2010.??.??"]
[WhiteTeam "SG Aufbau Elbe Magdeburg"]
[BlackTeam "SK Gründau"]

1. d4 d5 2. c4 Nc6 3. cxd5 Qxd5 4. e3 e5 5. Nc3 Bb4 6. Bd2 Bxc3 7. Bxc3 exd4 8.
Nf3 Bg4 9. Be2 Nge7 10. Bxd4 Nxd4 11. Qxd4 Bxf3 12. Bxf3 Qxd4 13. exd4 O-O-O
14. O-O-O Kb8 15. Rhe1 Nf5 16. d5 Rhe8 17. g4 Nd6 18. h4 Rxe1 19. Rxe1 Re8 20.
Rxe8+ Nxe8 21. Kd2 Nd6 22. Kd3 Kc8 23. Bg2 Kd7 24. f4 Nc8 25. Be4 g6 26. h5 Kd6
27. Kd4 Ne7 28. hxg6 hxg6 29. g5 Nc8 30. f5 gxf5 31. Bxf5 Nb6 32. Be4 Na4 33.
b3 Nb6 34. Bf3 Nd7 35. Bg2 Ne5 36. Be4 a5 37. a3 Nd7 38. Bf3 Nc5 39. b4 axb4
40. axb4 Nd7 41. Be4 Ne5 42. Bg2 Ng6 43. Be4 Nf4 44. b5 b6 45. Bc2 Nh3 46. g6
fxg6 47. Bxg6 Nf4 48. Be4 Ne2+ 49. Kd3 Ng3 50. Bf3 Kc5 51. Ke3 Nf5+ 52. Ke4
Nd6+ 53. Ke5 Nxb5 54. Bd1 Nd4 55. Bh5 b5 56. Bg6 b4 57. Bh7 b3 58. Bg6 b2 59.
Bh7 Nb5 60. Bb1 Nc3 0-1

[Event "SK Gründau-SG Aufbau Elbe Magdeburg"]
[Site "Osnabrück"]
[Date "2010.12.28"]
[Round "4.2"]
[White "Schulte, Marius"]
[Black "Schulz, Marcel"]
[Result "1-0"]
[WhiteElo "1891"]
[BlackElo "1971"]
[PlyCount "81"]
[EventDate "2010.??.??"]
[WhiteTeam "SK Gründau"]
[BlackTeam "SG Aufbau Elbe Magdeburg"]

1. d4 f5 2. c4 Nf6 3. Nf3 g6 4. g3 Bg7 5. Bg2 d6 6. O-O O-O 7. Nc3 Qe8 8. d5 a5
9. Nd4 Nh5 10. f4 Bd7 11. e4 c5 12. Ndb5 Na6 13. exf5 gxf5 14. Re1 Qf7 15. Qe2
Rfe8 16. Be3 Nf6 17. h3 Bf8 18. Bf2 Rab8 19. Qd2 e5 20. dxe6 Bxe6 21. b3 Rbd8
22. Rad1 Nb4 23. a3 Nc6 24. Nd5 Ne4 25. Qc2 Bg7 26. Kh2 Nxf2 27. Qxf2 Nd4 28.
Ndc7 Nxb5 29. Nxe6 Rxe6 30. Rxe6 Nd4 31. Re3 Kf8 32. Rde1 Bf6 33. Qd2 Qc7 34.
Qd1 Qf7 35. Bd5 Qg6 36. Bxb7 Rb8 37. Bf3 a4 38. Bh5 Qh6 39. Re8+ Rxe8 40. Rxe8+
Kg7 41. bxa4 1-0

[Event "SK Gründau-SG Aufbau Elbe Magdeburg"]
[Site "Osnabrück"]
[Date "2010.12.28"]
[Round "4.6"]
[White "Felczer, David"]
[Black "Schiffner, Alexander"]
[Result "1-0"]
[WhiteElo "1504"]
[BlackElo "1645"]
[PlyCount "91"]
[EventDate "2010.??.??"]
[WhiteTeam "SK Gründau"]
[BlackTeam "SG Aufbau Elbe Magdeburg"]

1. e4 c5 2. Nf3 e6 3. d4 cxd4 4. Nxd4 a6 5. Nc3 Qc7 6. Bd3 Nc6 7. Nxc6 bxc6 8.
O-O Nf6 9. Be3 Be7 10. f4 d5 11. e5 Nd7 12. Qg4 g6 13. Ne2 c5 14. c3 c4 15. Bc2
Nc5 16. Nd4 Bd7 17. b4 cxb3 18. axb3 Nb7 19. Bd2 Bc5 20. Bd3 Na5 21. Rfb1 Nc6
22. Rxa6 Rxa6 23. Bxa6 Nxd4 24. cxd4 Bxd4+ 25. Kh1 O-O 26. Bd3 Ra8 27. Qd1 Ra2
28. Rc1 Qb6 29. Rb1 Be3 30. Bxe3 Qxe3 31. Qf3 Qd4 32. h3 Rf2 33. Qg3 Rxf4 34.
b4 Qxe5 35. Qh2 Qd4 36. Be2 e5 37. b5 Rf2 38. Bf1 Rb2 39. Rxb2 Qxb2 40. b6 f6
41. Qg1 d4 42. Bc4+ Kg7 43. b7 Qxb7 44. Qa1 Bc6 45. Bf1 Qd7 46. Qa3 1-0

[Event "SC 1926 Bendorf-Schachfreunde Paderborn "]
[Site "Osnabrück"]
[Date "2010.12.28"]
[Round "4.3"]
[White "Hötte, Philipp"]
[Black "Sydorenko, Sascha"]
[Result "1-0"]
[WhiteElo "1928"]
[BlackElo "1824"]
[PlyCount "45"]
[EventDate "2010.??.??"]
[WhiteTeam "Schachfreunde Paderborn 2000"]
[BlackTeam "SC 1926 Bendorf"]

1. e4 c5 2. Nc3 Nc6 3. f4 d6 4. Nf3 g6 5. Bb5 a6 6. Bxc6+ bxc6 7. O-O Bg7 8. d3
Rb8 9. e5 Bf5 10. Qe2 d5 11. Na4 Qa5 12. b3 d4 13. Bd2 Qb5 14. Bc1 e6 15. Ba3
Bf8 16. Nd2 h5 17. Nc4 Rd8 18. h3 Nh6 19. Qe1 Rd5 20. Nab6 Rd8 21. Bc1 a5 22.
Qxa5 Be7 23. Qa7 1-0

[Event "SC 1926 Bendorf-Schachfreunde Paderborn "]
[Site "Osnabrück"]
[Date "2010.12.28"]
[Round "4.4"]
[White "Suderland, Stefan"]
[Black "Georgi, Philip"]
[Result "1/2-1/2"]
[WhiteElo "1750"]
[BlackElo "1891"]
[PlyCount "65"]
[EventDate "2010.??.??"]
[WhiteTeam "SC 1926 Bendorf"]
[BlackTeam "Schachfreunde Paderborn 2000"]

1. e4 e6 2. d3 d5 3. Nd2 Ne7 4. g3 g6 5. Bg2 Bg7 6. Ngf3 O-O 7. O-O b6 8. Nh4
Bb7 9. c3 c5 10. f4 Nbc6 11. Re1 Qd7 12. e5 d4 13. c4 Nf5 14. Nxf5 exf5 15. Nf3
Rfe8 16. Bd2 Re7 17. Qc2 Rae8 18. Kf2 Nd8 19. b4 f6 20. exf6 Bxf6 21. Rxe7 Rxe7
22. b5 Qe8 23. Re1 Rxe1 24. Nxe1 Bxg2 25. Nxg2 Nf7 26. Qd1 Kg7 27. Qe2 Qd7 28.
Ne1 Qe7 29. Nf3 Qxe2+ 30. Kxe2 Kf8 31. Kf2 Ke7 32. Bc1 Ke6 33. Bd2 1/2-1/2

[Event "SC 1926 Bendorf-Schachfreunde Paderborn "]
[Site "Osnabrück"]
[Date "2010.12.28"]
[Round "4.6"]
[White "Weber, Dirk"]
[Black "Gehle, Philipp"]
[Result "0-1"]
[WhiteElo "1354"]
[BlackElo "1497"]
[PlyCount "54"]
[EventDate "2010.??.??"]
[WhiteTeam "SC 1926 Bendorf"]
[BlackTeam "Schachfreunde Paderborn 2000"]

1. e4 e5 2. Nf3 Nf6 3. Nc3 Nc6 4. Bc4 Nxe4 5. Nxe4 d5 6. Bxd5 Qxd5 7. d3 Bg4 8.
h3 Bh5 9. Nc3 Qd8 10. O-O Bd6 11. Re1 O-O 12. Re4 Nd4 13. g4 f5 14. Nxd4 exd4
15. Rxd4 fxg4 16. hxg4 Qh4 17. Be3 Qh2+ 18. Kf1 Bg3 19. Qe1 Bxf2 20. Bxf2 Rae8
21. Re4 Bxg4 22. Rxg4 Rxe1+ 23. Kxe1 Qxf2+ 24. Kd1 Qf3+ 25. Kd2 Qxg4 26. Re1
Rf2+ 27. Kc1 Qg2 0-1

[Event "SC Neumühl-SK Kelheim 1920"]
[Site "Osnabrück"]
[Date "2010.12.28"]
[Round "4.1"]
[White "Fuhrmann, Max"]
[Black "Barbanera, Fabrizio"]
[Result "1/2-1/2"]
[WhiteElo "2067"]
[BlackElo "2052"]
[PlyCount "54"]
[EventDate "2010.??.??"]
[WhiteTeam "SK Kelheim 1920"]
[BlackTeam "SC Neumühl"]

1. e4 e6 2. d4 d5 3. Nc3 Bb4 4. exd5 exd5 5. Bd3 c6 6. Nf3 Ne7 7. O-O O-O 8.
Ne2 Bf5 9. Ng3 Bxd3 10. Qxd3 Qd7 11. Ne5 Qc8 12. Bf4 f6 13. Nf3 Ng6 14. Bd2
Bxd2 15. Qxd2 Na6 16. Rae1 Qd7 17. h4 Nh8 18. c3 Nc7 19. h5 Nf7 20. Qf4 Qd6 21.
Qxd6 Nxd6 22. Re2 Rf7 23. Rfe1 Re8 24. Rxe8+ Ncxe8 25. Nh4 Rd7 26. Nhf5 Kf7 27.
f3 Nxf5 1/2-1/2

[Event "SC Neumühl-SK Kelheim 1920"]
[Site "Osnabrück"]
[Date "2010.12.28"]
[Round "4.5"]
[White "Pernpeintner, Simon"]
[Black "Oser, Kai"]
[Result "1/2-1/2"]
[WhiteElo "1598"]
[BlackElo "1622"]
[PlyCount "74"]
[EventDate "2010.??.??"]
[WhiteTeam "SK Kelheim 1920"]
[BlackTeam "SC Neumühl"]

1. e4 c6 2. d4 d5 3. e5 Bf5 4. Bd3 Bxd3 5. Qxd3 e6 6. Nf3 Nd7 7. O-O c5 8. c3
Ne7 9. b3 Nf5 10. Bb2 Be7 11. Re1 O-O 12. Nbd2 Rc8 13. c4 Nb6 14. dxc5 Bxc5 15.
Rac1 dxc4 16. Qxd8 Rfxd8 17. Nxc4 Nxc4 18. Rxc4 b5 19. Rcc1 Bb4 20. Rxc8 Rxc8
21. Rc1 Rxc1+ 22. Bxc1 Bc3 23. Bd2 Bb2 24. Bb4 Nd4 25. Nxd4 Bxd4 26. Bd6 f6 27.
exf6 gxf6 28. Kf1 Kf7 29. f3 e5 30. Ke2 Ke6 31. Bb4 h5 32. h3 f5 33. g4 fxg4
34. fxg4 hxg4 35. hxg4 e4 36. Bd2 a6 37. Bf4 Kf6 1/2-1/2

[Event "SC Neumühl-SK Kelheim 1920"]
[Site "Osnabrück"]
[Date "2010.12.28"]
[Round "4.6"]
[White "Watrin, Jan"]
[Black "Karl, Thomas"]
[Result "1-0"]
[WhiteElo "1592"]
[BlackElo "1421"]
[PlyCount "59"]
[EventDate "2010.??.??"]
[WhiteTeam "SC Neumühl"]
[BlackTeam "SK Kelheim 1920"]

1. e4 e5 2. Nf3 Nc6 3. Bc4 Bc5 4. Nc3 d6 5. d3 Nf6 6. Bg5 h6 7. Bxf6 Qxf6 8.
Nd5 Qd8 9. c3 Be6 10. d4 exd4 11. cxd4 Bxd5 12. exd5 Bb4+ 13. Kf1 Nxd4 14. Qxd4
O-O 15. g3 Bc5 16. Qh4 Qd7 17. Kg2 Rfe8 18. Rhe1 Qf5 19. Nd4 Qg6 20. Rxe8+ Rxe8
21. Rd1 Bb6 22. Bd3 Qg5 23. Qxg5 hxg5 24. Ne2 Re5 25. Nc3 Ba5 26. Kf1 c6 27.
dxc6 bxc6 28. Re1 Bxc3 29. bxc3 Rd5 30. Re8# 1-0

[Event "USV TU Dresden-Hagener SV"]
[Site "Osnabrück"]
[Date "2010.12.28"]
[Round "4.3"]
[White "Bonacic, Jascha"]
[Black "Schamschurko, Victor"]
[Result "1-0"]
[WhiteElo "1921"]
[BlackElo "1677"]
[PlyCount "29"]
[EventDate "2010.??.??"]
[WhiteTeam "Hagener SV"]
[BlackTeam "USV TU Dresden"]

1. e4 e6 2. d4 d5 3. exd5 exd5 4. Bd3 Bd6 5. Ne2 Ne7 6. Nbc3 c6 7. Bf4 Bf5 8.
Bxf5 Nxf5 9. Qd2 Nd7 10. O-O-O Qc7 11. g4 Nh4 12. Qe3+ Kf8 13. Qg3 Bxf4+ 14.
Nxf4 g5 15. Ne6+ 1-0

[Event "USV TU Dresden-Hagener SV"]
[Site "Osnabrück"]
[Date "2010.12.28"]
[Round "4.4"]
[White "Pfefferkorn, Kai"]
[Black "Rieping, Heiner"]
[Result "0-1"]
[WhiteElo "1570"]
[BlackElo "1847"]
[PlyCount "88"]
[EventDate "2010.??.??"]
[WhiteTeam "USV TU Dresden"]
[BlackTeam "Hagener SV"]

1. e4 d5 2. exd5 Qxd5 3. Nc3 Qa5 4. d4 Nf6 5. Bd2 Qb6 6. Nf3 Bg4 7. Bf4 Nc6 8.
Be2 O-O-O 9. d5 e6 10. h3 Nxd5 11. Nxd5 Rxd5 12. Qc1 Bh5 13. O-O Bc5 14. a3 Nd4
15. Nxd4 Bxd4 16. Bxh5 Rxh5 17. c3 Bc5 18. b4 Bd6 19. Be3 Qb5 20. c4 Qe5 21. f4
Qe4 22. c5 Be7 23. Bf2 Rd8 24. Re1 Qg6 25. Re3 Bf6 26. Ra2 Rhd5 27. Kh2 Rd1 28.
Qc4 R1d4 29. Qb5 Qf5 30. Qa5 Kb8 31. Rf3 R4d5 32. Qa4 Bd4 33. c6 Bxf2 34. Raxf2
R8d6 35. cxb7 Kxb7 36. Qe8 Rd8 37. Qa4 Rd3 38. g4 Qd5 39. Rxd3 Qxd3 40. Rc2 Rd6
41. Rf2 Ra6 42. Qe8 Rxa3 43. Kg1 Qg3+ 44. Kf1 Ra1+ 0-1

[Event "USV TU Dresden-Hagener SV"]
[Site "Osnabrück"]
[Date "2010.12.28"]
[Round "4.5"]
[White "Rethmann, Kristin"]
[Black "Nieke, Gottfried"]
[Result "1/2-1/2"]
[WhiteElo "1716"]
[BlackElo "1430"]
[PlyCount "63"]
[EventDate "2010.??.??"]
[WhiteTeam "Hagener SV"]
[BlackTeam "USV TU Dresden"]

1. e4 c5 2. Nf3 a6 3. d4 cxd4 4. Nxd4 e6 5. c4 Nf6 6. f3 Qc7 7. Be3 Be7 8. Nc3
Nc6 9. Be2 d6 10. Qd2 Bd7 11. O-O O-O 12. b3 Rac8 13. Rac1 Qb8 14. f4 Na7 15.
a4 Bc6 16. Qd3 Nd7 17. f5 Ne5 18. Qd2 Bd7 19. Qe1 Kh8 20. Qg3 Nac6 21. Nc2 Bf6
22. Bg5 Bxg5 23. Qxg5 Qa7+ 24. Kh1 Nd4 25. f6 Rg8 26. Nxd4 Qxd4 27. Rfd1 Qb6
28. Rb1 Rc6 29. fxg7+ Rxg7 30. Qf6 Qe3 31. Qd8+ Rg8 32. Qf6+ 1/2-1/2

[Event "USV TU Dresden-Hagener SV"]
[Site "Osnabrück"]
[Date "2010.12.28"]
[Round "4.6"]
[White "Veckenstedt, Freya"]
[Black "Fiegenbaum, Manuel"]
[Result "0-1"]
[WhiteElo "1229"]
[BlackElo "1634"]
[PlyCount "74"]
[EventDate "2010.??.??"]
[WhiteTeam "USV TU Dresden"]
[BlackTeam "Hagener SV"]

1. e4 d5 2. exd5 Qxd5 3. Nc3 Qa5 4. Qf3 Nf6 5. Ne4 Qe5 6. d3 Bg4 7. Qg3 Qxg3 8.
Nxg3 Nc6 9. Bf4 Nd4 10. Rc1 Nd5 11. Be3 e5 12. Bxd4 exd4 13. Be2 Be6 14. Nf3
Bb4+ 15. Nd2 O-O 16. Rd1 Nf4 17. O-O Rfe8 18. a3 Bd6 19. Bf3 c6 20. Rfe1 Re7
21. Ne2 Rae8 22. Nxd4 Bc5 23. Nxe6 Nxe6 24. c3 Nf4 25. Rxe7 Rxe7 26. d4 Bb6 27.
g3 Nh3+ 28. Kf1 Ng5 29. Re1 Kf8 30. Rxe7 Kxe7 31. h4 Ne6 32. Ke2 f5 33. Kd3 Bc7
34. d5 cxd5 35. Bxd5 Nc5+ 36. Kc2 b6 37. b4 Nd7 0-1